000 01005nam a22003017a 4500
003 CHAP
005 20220329143810.0
008 110906s1980 mx a r 00010 spa d
010 _a102035
011 _a103007
035 _a113696
040 _cCHAP
082 0 4 _a630.97265
_bSi84
110 2 _aSistema Alimentario Mexicano
_9106701
245 1 0 _aEvaluación del sector agropecuario y forestal 1980
_c/por Sistema Alimentario Mexicano
260 _aAkil, Yuc. :
_bEstado de Yucatán,
_c1980
300 _a[70 p.] :
_bilus., gráfs.
590 _aBATCH-UPD
_b10
_c20130110
_lUCH01
_h1144
590 _aBATCH-UPD
_b10
_c20130410
_lUCH01
_h0729
590 _aBATCH-UPD
_b10
_c20130914
_lUCH01
_h0038
590 _aCONVERSION
_b10
_c20130109
_lUCH01
_h1356
650 1 4 _aAgricultura
_xYucatán.
_91902
650 1 4 _aBosques
_xYucatán.
_914411
650 1 4 _aGanadería
_xYucatán.
_944861
901 _aBK
942 _cLIBRO
949 _a630.97265 Si84
_bBC
_cC
_d33724002303652
_eC
_gDonaciØn
_h115739
_i113696
_sb
999 _c102035
_d102035